000 00788nam a22002657a 4500
001 22603
003 UA-OsUOA
005 20210621220437.0
007 ta
008 20031223b un ||||| |||| 00| 0 ukr d
020 _a5770794143
040 _aUA-OsUOA
_bukr
_cUA-OsUOA
_dUA-OsUOA
041 _aukr
044 _aUA
080 _a161(076)
090 _a161(076)
_bІ25
100 _aІвін О. А.
245 _aЛогіка
_bесперементальний навч. посіб.
260 _aК.
_bАртЕк
_c1996
300 _a232 с.
650 7 _a16 Логіка. Епістемологія. Теорія пізнання. Методологія логіки
_2UDC
942 _cBK
_2udc
955 _a2
999 _c308825
_d308825